[Event "Polanica Zdroj op-B 43rd"]
[Site "Polanica Zdroj"]
[Date "2007.08.25"]
[Round "9"]
[White "Sabuk, Piotr"]
[Black "Filipiak, Leszek"]
[Result "0-1"]
[WhiteElo "1968"]
[BlackElo "2059"]
[PlyCount "108"]
[EventDate "2007.08.17"]
[EventType "swiss"]
[EventRounds "10"]
[EventCountry "POL"]
[SourceTitle "CBM 120 Extra"]
[Source "ChessBase"]
[SourceDate "2007.11.01"]
[SourceVersion "1"]
[SourceVersionDate "2007.11.01"]
[SourceQuality "1"]

1. e4 c5 2. Nf3 e6 3. d4 cxd4 4. Nxd4 a6 5. Bd3 Qc7 6. 0-0 Nf6 7. Re1 d6 8. Nc3 Be7 9. a4 b6 10. Be3 Bb7 11. Qe2 0-0 12. Rad1 Nbd7 13. f4 Nc5 14. Bd2 Rac8 15. Rb1 Qd7 16. b4 Nxd3 17. cxd3 g6 18. Rec1 e5 19. Nf3 exf4 20. Bxf4 Rfe8 21. Be3 Qd8 22. h3 d5 23. e5 Nd7 24. Bd4 Bf8 25. Qf2 Bg7 26. Re1 Re6 27. Ne2 Nxe5 28. Nxe5 Bxe5 29. Bxe5 Rxe5 30. Nd4 Rxe1+ 31. Rxe1 Qd6 32. b5 a5 33. Qh4 Kg7 34. Qg4 Qf6 35. Rf1 Qe5 36. Nc6 Qe3+ 37. Kh1 Rc7 38. Nd4 Bc8 39. Qh4 g5 40. Qh5 h6 41. Nc6 Qxd3 42. Rd1 Qe4 43. Rf1 Bf5 44. Kh2 d4 45. Qd1 d3 46. Qa1+ Kh7 47. Qf6 Bg6 48. Qd8 Rxc6 49. bxc6 Qxc6 50. Qd4 Qc5 51. Qxc5 bxc5 52. Rc1 Be4 53. Kg1 Bc6 54. Rxc5 d2 0-1

[Event "Polanica Zdroj op-B 43rd"]
[Site "Polanica Zdroj"]
[Date "2007.08.17"]
[Round "1"]
[White "Dadello, Krzysztof"]
[Black "Filipiak, Leszek"]
[Result "0-1"]
[WhiteElo "1835"]
[BlackElo "2059"]
[PlyCount "92"]
[EventDate "2007.08.17"]
[EventType "swiss"]
[EventRounds "10"]
[EventCountry "POL"]
[SourceTitle "CBM 120 Extra"]
[Source "ChessBase"]
[SourceDate "2007.11.01"]
[SourceVersion "1"]
[SourceVersionDate "2007.11.01"]
[SourceQuality "1"]

1. e4 c5 2. Nf3 e6 3. d4 cxd4 4. Nxd4 a6 5. Nc3 Qc7 6. Be3 Nf6 7. f3 Bb4 8. Bd2 Nc6 9. Nxc6 bxc6 10. Bd3 Bc5 11. Qe2 e5 12. Be3 Bxe3 13. Qxe3 d5 14. Qc5 Qb7 15. 0-0 Qa7 16. Qxa7 Rxa7 17. Rae1 Re7 18. f4 d4 19. Na4 Nd7 20. fxe5 Rxe5 21. Rf5 Ke7 22. Rxe5+ Nxe5 23. Nc5 Kd6 24. b4 a5 25. a3 axb4 26. axb4 Be6 27. Be2 Rb8 28. Na6 Rd8 29. Rd1 Ke7 30. b5 cxb5 31. Bxb5 f6 32. Nc7 Rc8 33. Nxe6 Kxe6 34. Ba4 Nc6 35. Kf2 Ke5 36. Kf3 Nb4 37. Rb1 Rc4 38. Rb2 h5 39. Ke2 Kxe4 40. Kd2 Nd5 41. Rb8 Rxa4 42. Re8+ Kf5 43. g3 Ne3 44. Rg8 g6 45. h3 Nf1+ 46. Kd3 Nxg3 0-1